[Event "51st World Juniors"]
[Site "Athens GRE"]
[Date "2012.08.13"]
[Round "11.1"]
[White "Rapport, Richard"]
[Black "Grandelius, Nils"]
[Result "1/2-1/2"]
[WhiteTitle "GM"]
[BlackTitle "GM"]
[WhiteElo "2605"]
[BlackElo "2562"]
[WhiteFideId "738590"]
[BlackFideId "1710400"]
[EventDate "2012.08.02"]

1. d4 Nf6 2. c4 e6 3. Nc3 Bb4 4. Bg5 c5 5. d5 Bxc3+ 6. bxc3 d6 7. e3 Qe7 8. Nf3
e5 9. Qc2 h6 10. Bh4 Nbd7 11. Nd2 e4 12. Be2 g5 13. Bg3 Nf8 14. O-O Ng6 15. f4
exf3 16. Rxf3 Ng4 17. Ne4 N6e5 18. Raf1 Bd7 19. Nxd6+ Qxd6 20. Rxf7 Nxe3 21. Qe4
Nxf1 22. Bxe5 Nd2 23. Qe3 Qg6 24. Rf2 Qb1+ 25. Bf1 Nxf1 26. Rxf1 Qxf1+ 27. Kxf1
O-O+ 28. Kg1 Rae8 29. h3 Rf5 30. Qxc5 Rexe5 31. Qxa7 Re2 32. Qxb7 Rff2 33. Qxd7
Rxg2+ 1/2-1/2

[Event "51st World Juniors"]
[Site "Athens GRE"]
[Date "2012.08.13"]
[Round "11.2"]
[White "Ipatov, Alexander"]
[Black "Indjic, Aleksandar"]
[Result "1-0"]
[WhiteTitle "GM"]
[BlackTitle "IM"]
[WhiteElo "2577"]
[BlackElo "2481"]
[WhiteFideId "14116731"]
[BlackFideId "911925"]
[EventDate "2012.08.02"]

1. c4 g6 2. Nc3 Bg7 3. g3 c5 4. Bg2 Nc6 5. Nf3 d6 6. a3 e6 7. Rb1 Nge7 8. d3 b6
9. h4 h6 10. Bd2 Bb7 11. O-O Qd7 12. b4 O-O 13. e3 Rac8 14. Qe2 f5 15. Kh2 Kh7
16. Rfe1 e5 17. Ng1 Nd8 18. Nd5 Nxd5 19. cxd5 Ba6 20. e4 c4 21. dxc4 Bxc4 22.
Qe3 Qf7 23. Rbc1 Rc7 24. a4 f4 25. Qa3 g5 26. g4 Qd7 27. Bh3 a6 28. h5 b5 29. a5
f3 30. Rc3 Rf4 31. Rxf3 Rxg4 32. Bxg4 Qxg4 33. Rh3 Rf7 34. Qg3 Qd7 35. Qg2 Qe8
36. Ne2 Qf8 37. Kg1 Bf6 38. Ng3 g4 39. Rh2 Be7 40. Nf5 Rxf5 41. exf5 Qxf5 42.
Qe4 Qxe4 43. Rxe4 Bxd5 44. Rxg4 Ne6 45. Rg6 Nd4 46. Rxh6+ Kg7 47. Rg2+ Bxg2 48.
Kxg2 Nc6 49. Rg6+ Kf7 50. Rg3 Bf6 51. Rc3 Nd4 52. Rc7+ Ke6 53. h6 Nb3 54. Be3 d5
55. h7 1-0

[Event "51st World Juniors"]
[Site "Athens GRE"]
[Date "2012.08.13"]
[Round "11.3"]
[White "Ding, Liren"]
[Black "Yu, Yangyi"]
[Result "1/2-1/2"]
[WhiteTitle "GM"]
[BlackTitle "GM"]
[WhiteElo "2695"]
[BlackElo "2635"]
[WhiteFideId "8603677"]
[BlackFideId "8603820"]
[EventDate "2012.08.02"]

1. d4 Nf6 2. c4 e6 3. g3 Bb4+ 4. Bd2 Be7 5. Bg2 d5 6. Nf3 O-O 7. O-O c6 8. Qc2
b6 9. Rd1 Nbd7 10. Bf4 Ba6 11. Ne5 Nxe5 12. dxe5 Nh5 13. Bc1 f5 14. cxd5 cxd5
15. Nc3 Qe8 16. Nxd5 exd5 17. Bxd5+ Kh8 18. Bxa8 Qxa8 19. Rd7 f4 20. Rxe7 Qd8
21. Rxa7 fxg3 22. hxg3 Nxg3 23. fxg3 Qd4+ 24. e3 Qg4 25. Rxa6 Qxg3+ 26. Qg2 Qe1+
27. Kh2 Qh4+ 28. Kg1 Qe1+ 29. Kh2 Qh4+ 30. Kg1 Qe1+ 1/2-1/2

[Event "51st World Juniors"]
[Site "Athens GRE"]
[Date "2012.08.13"]
[Round "11.4"]
[White "Ter-Sahakyan, Samvel"]
[Black "Holt, Conrad"]
[Result "1-0"]
[WhiteTitle "GM"]
[BlackTitle "IM"]
[WhiteElo "2567"]
[BlackElo "2498"]
[WhiteFideId "13302531"]
[BlackFideId "2034387"]
[EventDate "2012.08.02"]

1. e4 e6 2. d4 d5 3. Nc3 Bb4 4. e5 Ne7 5. a3 Bxc3+ 6. bxc3 c5 7. Qg4 O-O 8. Bd3
Nbc6 9. Qh5 Ng6 10. Nf3 Qc7 11. Be3 c4 12. Bxg6 fxg6 13. Qg4 Qf7 14. Ng5 Qe8 15.
h4 Bd7 16. Qe2 b5 17. h5 gxh5 18. Rxh5 h6 19. Nh3 Ne7 20. g4 Qf7 21. Nf4 Ng6 22.
Ng2 Qf3 23. Rh2 a5 24. Kd2 Qe4 25. Rf1 Rf3 26. Ne1 Raf8 27. Rg1 b4 28. Nxf3 Rxf3
29. axb4 axb4 30. cxb4 c3+ 31. Kxc3 Nxe5 32. Rhg2 Rf8 33. dxe5 Rc8+ 34. Kb3 Bb5
35. Qd2 Ba4+ 36. Ka3 d4 37. f3 Qa8 38. Qxd4 Bxc2+ 39. Qa7 Qd5 40. Rxc2 Rxc2 41.
Ra1 Rc3+ 42. Ka4 Qb3+ 43. Ka5 Rxe3 44. f4 Kh7 45. Qd4 Rd3 46. Qe4+ Kg8 47. Kb6
Qc3 48. Ra8+ Kf7 49. f5 Qd4+ 50. Qxd4 Rxd4 51. Ra7+ Kf8 52. Kc5 Rd5+ 53. Kc6
Rxe5 54. b5 exf5 55. b6 Re6+ 56. Kc5 Re5+ 57. Kc4 Re4+ 58. Kc3 Re3+ 59. Kc2 Re2+
60. Kd3 Rb2 61. b7 fxg4 62. Ke3 Rb3+ 63. Kf4 Rb4+ 64. Kg3 g5 65. Ra8+ Kg7 66.
b8=Q Rxb8 67. Rxb8 h5 68. Rb6 Kh7 69. Kf2 Kg7 70. Ke3 Kh7 71. Ke4 h4 72. Kf5 g3
73. Rb7+ Kh6 74. Kg4 Kg6 75. Rb5 Kf6 76. Rf5+ 1-0

[Event "51st World Juniors"]
[Site "Athens GRE"]
[Date "2012.08.13"]
[Round "11.5"]
[White "Antipov, Mikhail Al."]
[Black "Shimanov, Aleksandr"]
[Result "0-1"]
[WhiteTitle "IM"]
[BlackTitle "GM"]
[WhiteElo "2462"]
[BlackElo "2596"]
[WhiteFideId "4107012"]
[BlackFideId "4198603"]
[EventDate "2012.08.02"]

1. e4 c6 2. d4 d5 3. e5 c5 4. dxc5 e6 5. a3 Bxc5 6. b4 Bb6 7. Bb2 Ne7 8. Bd3 Ng6
9. Qd2 Nc6 10. f4 Nh4 11. Nc3 a5 12. b5 Be3 13. Qe2 Nd4 14. Qg4 Ndf5 15. Nh3 h5
16. Qe2 Nd4 17. Qf1 Qc7 18. g3 Nhf5 19. Qg2 Bd7 20. Nf2 g5 21. Bxf5 Nxf5 22. Nd3
gxf4 23. gxf4 Rc8 24. Nxd5 exd5 25. e6 Bxe6 26. Bxh8 Qxc2 27. Qxc2 Rxc2 28. Rb1
Rd2 29. Rd1 Rc2 30. Rb1 Bd2+ 31. Kf1 d4 32. Nb2 Ne3+ 33. Ke2 Bc3+ 0-1

[Event "51st World Juniors"]
[Site "Athens GRE"]
[Date "2012.08.13"]
[Round "11.6"]
[White "Grigoryan, Karen H."]
[Black "Wei, Yi"]
[Result "0-1"]
[WhiteTitle "IM"]
[BlackTitle "FM"]
[WhiteElo "2529"]
[BlackElo "2418"]
[WhiteFideId "13301004"]
[BlackFideId "8603405"]
[EventDate "2012.08.02"]

1. d4 Nf6 2. c4 e6 3. Nc3 Bb4 4. Qc2 O-O 5. a3 Bxc3+ 6. Qxc3 b6 7. Bg5 Bb7 8. f3
h6 9. Bh4 d5 10. e3 Nbd7 11. cxd5 Nxd5 12. Bxd8 Nxc3 13. Bh4 Nd5 14. Kd2 c5 15.
Bb5 N5f6 16. Ne2 a6 17. Ba4 Rfd8 18. Bc2 Ne5 19. b3 Nc6 20. Bf2 e5 21. Rad1 cxd4
22. exd4 Rac8 23. Kc1 e4 24. Kb2 Ne7 25. Rhe1 exf3 26. Ng1 Ned5 27. gxf3 Re8 28.
Bf5 Rcd8 29. Rc1 g6 30. Bh3 Rxe1 31. Rxe1 Nf4 32. Bf1 N6d5 33. h4 Kf8 34. Bc4
Ng2 35. Rc1 Ngf4 36. Rc2 b5 37. Bf1 Re8 38. Bg3 Re3 39. Rd2 Bc8 40. Bf2 Re7 41.
Ne2 Nxe2 42. Bxe2 Bf5 43. Bg3 Re3 44. Bf1 Ke7 45. Re2 Kd7 46. Rxe3 Nxe3 47. Be2
h5 48. Kc3 Kc6 49. a4 Nd5+ 50. Kd2 f6 51. Bf1 g5 52. Be1 Kb6 53. Bf2 Kc6 54. Bg3
Kb6 55. Kc1 Ne3 56. Be2 Ng2 57. d5 gxh4 58. Bh2 Kc5 59. d6 Be6 60. Bd3 f5 61.
Kd2 f4 62. axb5 axb5 63. Bg1+ Kc6 64. b4 Bc4 65. Bg6 Kxd6 66. Bxh5 Be6 67. Ke2
h3 68. Kf2 Kd5 69. Bh2 Kd4 70. Ke2 Ke5 71. Be8 Bc4+ 72. Kf2 Ne3 73. Bd7 Nd5 74.
Bxh3 Nxb4 75. Bc8 Nd3+ 76. Ke2 b4 77. Kd2 b3 78. Bxf4+ Kxf4 0-1

[Event "51st World Juniors"]
[Site "Athens GRE"]
[Date "2012.08.13"]
[Round "11.7"]
[White "Zherebukh, Yaroslav"]
[Black "Debashis, Das"]
[Result "1-0"]
[WhiteTitle "GM"]
[BlackTitle "IM"]
[WhiteElo "2629"]
[BlackElo "2446"]
[WhiteFideId "14116804"]
[BlackFideId "5024854"]
[EventDate "2012.08.02"]

1. d4 d5 2. c4 c6 3. Nf3 Nf6 4. Nc3 e6 5. Bg5 h6 6. Bh4 dxc4 7. e4 g5 8. Bg3 b5
9. Be2 Bb7 10. Qc2 Nbd7 11. Rd1 Bb4 12. O-O Qe7 13. Ne5 O-O 14. f4 Nxe5 15. fxe5
Nd7 16. h4 Ba5 17. hxg5 hxg5 18. Qc1 Kh7 19. Qe3 Kg6 20. Rf6+ Nxf6 21. exf6 Qxf6
22. e5 Qd8 23. Rf1 f5 24. exf6 Rxf6 25. Rxf6+ Qxf6 26. Be5 Qf5 27. g4 Qc2 28.
Ne4 Bd2 29. Qh3 1-0

[Event "51st World Juniors"]
[Site "Athens GRE"]
[Date "2012.08.13"]
[Round "11.8"]
[White "Cori, Jorge"]
[Black "Van Kampen, Robin"]
[Result "1/2-1/2"]
[WhiteTitle "GM"]
[BlackTitle "GM"]
[WhiteElo "2487"]
[BlackElo "2565"]
[WhiteFideId "3802272"]
[BlackFideId "1020854"]
[EventDate "2012.08.02"]

1. d4 d5 2. c4 c6 3. Nc3 Nf6 4. e3 e6 5. Nf3 Nbd7 6. Qc2 Bd6 7. Bd3 O-O 8. O-O
dxc4 9. Bxc4 b5 10. Be2 Bb7 11. Rd1 Qc7 12. e4 e5 13. Bg5 exd4 14. Rxd4 Ne5 15.
Bxf6 gxf6 16. g3 Nxf3+ 17. Bxf3 Be5 18. Rdd1 Rad8 19. Bg4 a6 20. Kg2 Bc8 21.
Bxc8 Qxc8 22. Ne2 c5 23. f4 Bd4 24. Nxd4 Rxd4 25. Rxd4 cxd4 26. Rc1 Qe6 27. Qd3
Re8 28. Qxd4 Qxe4+ 29. Qxe4 Rxe4 30. Kf3 Rb4 31. b3 1/2-1/2

[Event "51st World Juniors"]
[Site "Athens GRE"]
[Date "2012.08.13"]
[Round "11.9"]
[White "Lapidus, Mark"]
[Black "Grover, Sahaj"]
[Result "0-1"]
[BlackTitle "IM"]
[WhiteElo "2129"]
[BlackElo "2516"]
[WhiteFideId "4502299"]
[BlackFideId "5021103"]
[EventDate "2012.08.02"]

1. e4 e5 2. Nf3 Nc6 3. Bb5 f5 4. d3 fxe4 5. dxe4 Nf6 6. O-O Bc5 7. Bxc6 bxc6 8.
Nxe5 O-O 9. Nd3 Nxe4 10. Nxc5 Nxc5 11. Qd4 Ne6 12. Qc4 a5 13. Qc3 Qh4 14. Be3
Rb8 15. Nd2 Rb5 16. Qc4 Qh5 17. b3 d5 18. Qc3 Rb4 19. Qb2 Rh4 20. f4 d4 21. Nf3
dxe3 22. Nxh4 Nxf4 23. Rae1 e2 24. Rxf4 Rxf4 25. Nf3 Qc5+ 26. Kh1 Rxf3 27. gxf3
Qf2 0-1

[Event "51st World Juniors"]
[Site "Athens GRE"]
[Date "2012.08.13"]
[Round "11.10"]
[White "Schreiner, Peter"]
[Black "Heimann, Andreas"]
[Result "1/2-1/2"]
[WhiteTitle "FM"]
[BlackTitle "IM"]
[WhiteElo "2444"]
[BlackElo "2493"]
[WhiteFideId "1621645"]
[BlackFideId "24624632"]
[EventDate "2012.08.02"]

1. e4 e5 2. Nc3 Nf6 3. f4 d5 4. exd5 exf4 5. Bc4 Bd6 6. Qe2+ Be7 7. d4 O-O 8.
Bxf4 Bb4 9. Qd3 Nxd5 10. Bd2 Bxc3 11. bxc3 Re8+ 12. Ne2 Nb6 13. Bxf7+ Kxf7 14.
Qxh7 Rxe2+ 15. Kxe2 Bg4+ 16. Kd3 N8d7 17. Rhf1+ Nf6 18. Bh6 Qg8 19. Rxf6+ Kxf6
20. Bxg7+ Ke6 21. Qg6+ Kd5 22. Qxg4 Qh7+ 23. Ke2 Rg8 24. c4+ Kxc4 25. d5+ Kc5
26. Qd4+ Kd6 27. Qe5+ Kc5 28. Qd4+ Kd6 29. Qf6+ Kc5 30. Qc3+ Nc4 31. Qd4+ Kd6
32. Qf6+ Kc5 33. Bf8+ Nd6 34. Qc3+ Kxd5 35. Rd1+ Ke6 36. Bxd6 Qe4+ 37. Kd2 Rxg2+
38. Kc1 cxd6 39. h3 Kd7 40. Kb1 Qc6 41. Qxc6+ bxc6 1/2-1/2

[Event "51st World Juniors"]
[Site "Athens GRE"]
[Date "2012.08.13"]
[Round "11.11"]
[White "Oparin, Grigoriy"]
[Black "Ghosh, Diptayan"]
[Result "1-0"]
[WhiteTitle "IM"]
[BlackTitle "FM"]
[WhiteElo "2488"]
[BlackElo "2417"]
[WhiteFideId "24125890"]
[BlackFideId "5045207"]
[EventDate "2012.08.02"]

1. e4 e6 2. d4 d5 3. Nc3 Nf6 4. e5 Nfd7 5. f4 c5 6. Nf3 Nc6 7. Be3 Be7 8. Be2
O-O 9. O-O f6 10. exf6 Nxf6 11. Kh1 Bd6 12. Ne5 cxd4 13. Bxd4 a6 14. Bf3 Qc7 15.
Re1 Nxd4 16. Qxd4 g6 17. Re2 Bc5 18. Qd3 Kg7 19. Rae1 b5 20. a3 Bb7 21. Qd2 Rae8
22. Nd3 Bd6 23. Qe3 Re7 24. Qd4 Bc8 25. Bxd5 Rd8 26. Ne4 Be5 27. fxe5 Nxe4 28.
Qxe4 exd5 29. Qh4 Rf8 30. b4 Ref7 31. h3 Qc4 32. Qg3 Rf1+ 33. Rxf1 Rxf1+ 34. Kh2
Bf5 35. e6 Qd4 36. Qc7+ Kh6 37. Qc5 Qh8 38. Qe3+ g5 39. Qe5 Qe8 40. Qf6+ Qg6 41.
Qxg6+ Bxg6 42. e7 Be8 43. Nc5 Kg7 44. Nxa6 Ra1 45. Nc7 Kf7 46. Rf2+ Kxe7 47.
Re2+ 1-0

[Event "51st World Juniors"]
[Site "Athens GRE"]
[Date "2012.08.13"]
[Round "11.12"]
[White "Bluebaum, Matthias"]
[Black "Hansen, Eric"]
[Result "1/2-1/2"]
[WhiteTitle "IM"]
[BlackTitle "IM"]
[WhiteElo "2424"]
[BlackElo "2472"]
[WhiteFideId "24651516"]
[BlackFideId "2606771"]
[EventDate "2012.08.02"]

1. d4 Nf6 2. c4 g6 3. Nc3 d5 4. cxd5 Nxd5 5. e4 Nxc3 6. bxc3 Bg7 7. Bc4 O-O 8.
Ne2 c5 9. O-O Nc6 10. Be3 Na5 11. Bd3 b6 12. Qd2 e5 13. Bg5 Qd6 14. dxe5 Bxe5
15. f4 Bg7 16. e5 Qd5 17. Qc2 Bb7 18. Ng3 f6 19. exf6 Bxf6 20. Bxf6 Rxf6 21. f5
c4 22. Be4 Qc5+ 23. Kh1 Raf8 24. fxg6 Bxe4 25. Qxe4 hxg6 26. Rxf6 Rxf6 27. Rd1
Nc6 28. Qe8+ Qf8 29. Ne4 Rf7 30. Qe6 Kg7 31. Qxc4 Ne5 32. Qe2 Re7 33. h3 Qf7 34.
Ng3 Qf4 35. Kh2 Nc6 36. Qf1 Qc7 37. Qf2 Ne5 38. Rc1 Rd7 39. Qf4 Nd3 40. Qxc7
Rxc7 41. Rc2 Nb4 42. Rd2 Rxc3 43. Rd7+ Kf8 44. Rxa7 Rc2 45. Rd7 Rxa2 46. Rd6 Nc2
47. Rxb6 1/2-1/2

[Event "51st World Juniors"]
[Site "Athens GRE"]
[Date "2012.08.13"]
[Round "11.13"]
[White "Yilmaz, Mustafa"]
[Black "Baron, Tal"]
[Result "1/2-1/2"]
[WhiteTitle "IM"]
[BlackTitle "GM"]
[WhiteElo "2543"]
[BlackElo "2451"]
[WhiteFideId "6302718"]
[BlackFideId "2809958"]
[EventDate "2012.08.02"]

1. Nf3 Nf6 2. c4 e6 3. d4 d5 4. Nc3 Bb4 5. Bg5 Nbd7 6. cxd5 exd5 7. Rc1 c6 8. a3
Bd6 9. e3 O-O 10. Bd3 Re8 11. O-O Nf8 12. Bh4 Bg4 13. Qc2 Bh5 14. Rfe1 Bg6 15.
e4 dxe4 16. Bxe4 Be7 17. Bxg6 Nxg6 18. Bxf6 Bxf6 19. Ne4 Re6 20. Qb3 b6 21.
Nxf6+ Rxf6 22. Re4 h6 23. Rce1 Qd7 24. Ne5 Qd5 25. Qe3 Re6 26. f3 Rd8 27. Nxg6
Rxg6 28. h4 Rgd6 29. Kh2 a5 30. Qf4 Rf6 31. Re8+ 1/2-1/2

[Event "51st World Juniors"]
[Site "Athens GRE"]
[Date "2012.08.13"]
[Round "11.15"]
[White "Thavandiran, Shiyam"]
[Black "Kanarek, Marcel"]
[Result "0-1"]
[WhiteTitle "FM"]
[BlackTitle "IM"]
[WhiteElo "2301"]
[BlackElo "2487"]
[WhiteFideId "2605058"]
[BlackFideId "1126822"]
[EventDate "2012.08.02"]

1. c4 Nf6 2. g3 g6 3. Bg2 Bg7 4. Nc3 O-O 5. e4 d6 6. Nge2 a6 7. O-O Nbd7 8. h3
Rb8 9. d3 b5 10. cxb5 axb5 11. b4 e5 12. Be3 c6 13. Qd2 Re8 14. Bh6 Bh8 15. f4
Bb7 16. g4 exf4 17. Qxf4 Qe7 18. d4 c5 19. bxc5 dxc5 20. e5 Bxg2 21. Kxg2 b4 22.
exf6 Nxf6 23. dxc5 bxc3 24. Nxc3 Rb2+ 25. Rf2 Qb7+ 26. Kg1 Rxf2 27. Qxf2 Nxg4
28. hxg4 Bxc3 29. Rf1 Qd7 30. Qf3 Bd4+ 31. Kh1 Bxc5 32. a4 Bf8 33. g5 Rc8 34. a5
Bc5 35. a6 Bd4 36. Rd1 Qa4 37. Rf1 Qc4 38. Qf4 Qd5+ 39. Qf3 Qe6 40. Rd1 Bb6 41.
Rf1 Ba7 42. Qd3 Qg4 43. Rd1 Re8 44. Qb3 Qh4+ 45. Kg2 Re2+ 0-1

[Event "51st World Juniors"]
[Site "Athens GRE"]
[Date "2012.08.13"]
[Round "11.16"]
[White "Baghdasaryan, Vahe"]
[Black "Kovalev, Vladislav"]
[Result "1-0"]
[WhiteTitle "IM"]
[BlackTitle "IM"]
[WhiteElo "2368"]
[BlackElo "2485"]
[WhiteFideId "13303139"]
[BlackFideId "13504398"]
[EventDate "2012.08.02"]

1. c4 Nf6 2. Nc3 g6 3. g3 Bg7 4. Bg2 O-O 5. e4 d6 6. Nge2 c5 7. O-O Nc6 8. d3
Ne8 9. f4 Nc7 10. f5 e6 11. g4 Ne5 12. h3 Bd7 13. a4 a6 14. Be3 Qe7 15. Qd2 b5
16. axb5 axb5 17. Rxa8 Rxa8 18. cxb5 Nxb5 19. g5 Qd8 20. f6 Bf8 21. b3 Qa5 22.
Rb1 Qb4 23. d4 cxd4 24. Nxb5 Qxb5 25. Nxd4 Qb7 26. Bf2 h6 27. b4 hxg5 28. Qxg5
Ra2 29. Qh4 Qc8 30. b5 Qc3 31. b6 Ra1 32. Rxa1 Qxa1+ 33. Kh2 d5 34. exd5 Bd6 35.
Bg3 Qb2 36. b7 exd5 37. Qh6 Bf8 38. Bxe5 Bxh6 39. b8=Q+ Qxb8 40. Bxb8 Be6 41.
Kg3 Be3 42. Be5 g5 43. Nxe6 fxe6 44. Bf3 Kh7 45. Bg4 Kg6 46. Kf3 Bf4 47. Bh5+ 1-0

[Event "51st World Juniors"]
[Site "Athens GRE"]
[Date "2012.08.13"]
[Round "11.17"]
[White "Shyam, Nikil P."]
[Black "Barbosa, Evandro Amorim"]
[Result "1/2-1/2"]
[WhiteTitle "IM"]
[BlackTitle "IM"]
[WhiteElo "2484"]
[BlackElo "2436"]
[WhiteFideId "5024218"]
[BlackFideId "2115824"]
[EventDate "2012.08.02"]

1. e4 c5 2. Nf3 e6 3. d4 cxd4 4. Nxd4 Nc6 5. Nc3 Qc7 6. Be2 a6 7. O-O Nf6 8. Be3
Be7 9. f4 d6 10. a4 O-O 11. Kh1 Re8 12. Bf3 Na5 13. Nde2 Nd7 14. b3 b6 15. e5
Bb7 16. exd6 Bxd6 17. Bxb7 Nxb7 18. Ne4 Bf8 19. Bd4 e5 20. fxe5 Nxe5 21. N2g3
Rad8 22. c3 Nc5 23. b4 Nxe4 24. Nxe4 Qc6 25. Ng5 Qh6 26. Nh3 Nc4 27. Qf3 Qg6 28.
Nf4 Qe4 29. Qxe4 Rxe4 30. Rae1 Rde8 31. Rxe4 Rxe4 32. Nd5 b5 33. axb5 1/2-1/2

[Event "51st World Juniors"]
[Site "Athens GRE"]
[Date "2012.08.13"]
[Round "11.18"]
[White "Urkedal, Frode"]
[Black "Hambleton, Aman"]
[Result "1-0"]
[WhiteTitle "IM"]
[BlackTitle "FM"]
[WhiteElo "2473"]
[BlackElo "2244"]
[WhiteFideId "1506102"]
[BlackFideId "2606577"]
[EventDate "2012.08.02"]

1. d4 Nf6 2. c4 c5 3. d5 b5 4. cxb5 a6 5. bxa6 g6 6. Nc3 Bxa6 7. e4 Bxf1 8. Kxf1
d6 9. Nf3 Nbd7 10. g3 Bg7 11. Kg2 O-O 12. a4 Ra6 13. Qc2 Qa8 14. Ra3 e6 15. dxe6
fxe6 16. Re1 d5 17. exd5 exd5 18. Nb5 Qb7 19. Kg1 Ne4 20. Bf4 Raf6 21. Re2 c4
22. Nd2 Ndc5 23. Nxc4 Rxf4 24. gxf4 Rxf4 25. Ncd6 Qd7 26. h3 Bf8 27. Nxe4 Nxe4
28. Rae3 Bc5 29. Rxe4 dxe4 30. Qc4+ Kg7 31. Qc3+ Kh6 32. Qg3 Qf5 33. Nc3 Rf3 34.
Qh4+ Kg7 35. Qxe4 Bxf2+ 36. Rxf2 Rxf2 37. Qd4+ 1-0

[Event "51st World Juniors"]
[Site "Athens GRE"]
[Date "2012.08.13"]
[Round "11.19"]
[White "Pavlidis, Antonios"]
[Black "Kilpatrick, Callum"]
[Result "0-1"]
[WhiteTitle "IM"]
[BlackTitle "FM"]
[WhiteElo "2466"]
[BlackElo "2326"]
[WhiteFideId "4212312"]
[BlackFideId "414425"]
[EventDate "2012.08.02"]

1. e4 e5 2. Nf3 Nc6 3. d4 exd4 4. Nxd4 Bc5 5. Nb3 Bb6 6. Nc3 Nge7 7. Qe2 O-O 8.
Be3 d6 9. O-O-O f5 10. f4 fxe4 11. g3 Kh8 12. Bg2 Bxe3+ 13. Qxe3 Nf5 14. Qe2 a5
15. a4 Be6 16. Qxe4 Qf6 17. Bh3 Rae8 18. Rhe1 Qf7 19. Qd3 Nb4 20. Qb5 c6 21.
Qxa5 Nxc2 22. Rxe6 Qxe6 23. Bxf5 Rxf5 24. Qb6 Qe3+ 25. Qxe3 Nxe3 26. Rxd6 Nd5
27. Rd7 Nxc3 28. bxc3 Rb8 29. Nd4 Rf6 30. Nf3 Kg8 31. Ne5 Rff8 32. Kc2 Rfd8 33.
Rc7 Rdc8 34. Rd7 b5 35. axb5 Rxb5 36. Rd6 Rd5 37. Rxc6 Rxc6 38. Nxc6 Kf7 39. Nd4
Ra5 40. Kd3 Ra2 41. h4 Kg6 42. Ke3 Ra3 43. Ne2 Kh5 44. Kf3 g6 45. Ke3 Kg4 46.
Kf2 Ra2 47. Ke3 Ra4 48. Kf2 Ra1 49. Ke3 Rd1 50. c4 Rd8 51. c5 Rc8 52. Kd4 Kf3
53. Ng1+ Kxg3 54. Kd5 Re8 0-1

[Event "51st World Juniors"]
[Site "Athens GRE"]
[Date "2012.08.13"]
[Round "11.20"]
[White "Aravindh, Chithambaram VR."]
[Black "Andersen, Mads"]
[Result "1/2-1/2"]
[WhiteTitle "FM"]
[BlackTitle "IM"]
[WhiteElo "2240"]
[BlackElo "2464"]
[WhiteFideId "5072786"]
[BlackFideId "1413864"]
[EventDate "2012.08.02"]

1. e4 e5 2. Nf3 Nc6 3. Bc4 Bc5 4. c3 Nf6 5. d4 exd4 6. e5 d5 7. Bb5 Ne4 8. cxd4
Bb6 9. Be3 O-O 10. Nc3 Bg4 11. Be2 Ne7 12. h3 Be6 13. O-O Nf5 14. Bf4 c5 15.
dxc5 Bxc5 16. Bd3 Nfg3 17. Bxg3 Nxg3 18. Re1 Nh5 19. Qd2 g6 20. Nb5 Ng7 21. b4
Be7 22. Nbd4 Qb6 23. Rab1 Bd7 24. Bc2 Rac8 25. a4 Rc4 26. a5 Qd8 27. Bd3 Rc8 28.
Qa2 Ne6 29. Qd2 a6 30. Nxe6 fxe6 31. Rbc1 Bc6 32. Qb2 Bb5 33. Bxb5 axb5 34. Rxc8
Qxc8 35. Rc1 Qb8 36. Qc3 Rf4 37. Qc8+ Qxc8 38. Rxc8+ Rf8 39. Rc7 Bxb4 40. Rxb7
Bxa5 41. Rxb5 Bc3 1/2-1/2

[Event "51st World Juniors"]
[Site "Athens GRE"]
[Date "2012.08.13"]
[Round "11.21"]
[White "Ivekovic, Zvonimir"]
[Black "Salem, A.R. Saleh"]
[Result "0-1"]
[BlackTitle "GM"]
[WhiteElo "2320"]
[BlackElo "2546"]
[WhiteFideId "14511320"]
[BlackFideId "9301348"]
[EventDate "2012.08.02"]

1. e4 c5 2. Nf3 Nc6 3. d4 cxd4 4. Nxd4 Nf6 5. Nc3 e5 6. Ndb5 d6 7. Bg5 a6 8. Na3
b5 9. Bxf6 gxf6 10. Nd5 f5 11. c3 Bg7 12. exf5 Bxf5 13. Nc2 Be6 14. Nce3 Ne7 15.
g3 Nxd5 16. Nxd5 O-O 17. Bg2 a5 18. O-O Rb8 19. Qd2 Kh8 20. Rad1 f5 21. Rfe1 Qd7
22. b3 a4 23. bxa4 bxa4 24. Nb4 e4 25. g4 Be5 26. Qe3 Rg8 27. h3 fxg4 28. Bxe4
gxh3+ 29. Kh1 Rbc8 30. Nd5 Bxd5 31. Bxd5 Rxc3 32. Rg1 Rg2 0-1

[Event "51st World Juniors"]
[Site "Athens GRE"]
[Date "2012.08.13"]
[Round "11.22"]
[White "Potpara, Nikola"]
[Black "Rombaldoni, Axel"]
[Result "0-1"]
[BlackTitle "IM"]
[WhiteElo "2201"]
[BlackElo "2494"]
[WhiteFideId "910058"]
[BlackFideId "815837"]
[EventDate "2012.08.02"]

1. d4 e6 2. c4 Bb4+ 3. Nd2 b6 4. Nf3 Bb7 5. g3 f5 6. Bg2 Nf6 7. O-O O-O 8. a3
Be7 9. b3 c5 10. Bb2 Qc8 11. Qc2 d6 12. Rad1 Ne4 13. Ne1 Nxd2 14. Rxd2 cxd4 15.
Bxd4 Nd7 16. Bb2 Nc5 17. Bxb7 Qxb7 18. Ng2 b5 19. cxb5 Rfc8 20. Rdd1 Qxb5 21. b4
Ne4 22. Qb3 Qc4 23. Qxc4 Rxc4 24. Rc1 d5 25. Ne3 Rcc8 26. Bd4 a6 27. Rfd1 Kf7
28. f3 Nd6 29. Bc5 Bg5 30. f4 Be7 31. Rc2 Ne4 32. Bxe7 Rxc2 33. Nxc2 Kxe7 34.
Nd4 Rc8 35. b5 Nc3 36. b6 Nxd1 37. b7 Re8 38. Nc6+ Kd6 39. b8=Q+ Rxb8 40. Nxb8
a5 41. Kf1 Nc3 0-1

[Event "51st World Juniors"]
[Site "Athens GRE"]
[Date "2012.08.13"]
[Round "11.23"]
[White "Shyam, Sundar M."]
[Black "Anwesh, Upadhyaya"]
[Result "1/2-1/2"]
[WhiteTitle "IM"]
[BlackTitle "IM"]
[WhiteElo "2486"]
[BlackElo "2374"]
[WhiteFideId "5019141"]
[BlackFideId "5028949"]
[EventDate "2012.08.02"]

1. d4 d5 2. c4 c6 3. Nf3 Nf6 4. Nc3 e6 5. Bg5 h6 6. Bh4 dxc4 7. e4 b5 8. e5 g5
9. Nxg5 hxg5 10. Bxg5 Nbd7 11. g3 Bb7 12. Bg2 Qb6 13. exf6 O-O-O 14. O-O c5 15.
d5 b4 16. Na4 Qa6 17. a3 Bxd5 18. Bxd5 Ne5 19. axb4 Rxd5 20. Qe2 cxb4 21. Nc3
Qd6 22. Nxd5 Qxd5 23. f3 Nd3 24. Be3 Bc5 25. Bxc5 Qxc5+ 26. Kg2 Qd4 27. b3 cxb3
28. Rad1 Rd8 29. h4 a5 30. h5 Qe5 31. Qxe5 Nxe5 32. Ra1 Rd5 33. Rfb1 Rd2+ 34.
Kh3 Ra2 35. Rc1+ Kb7 36. Rab1 Nxf3 37. Rxb3 Rh2+ 38. Kg4 Nd4 39. Rd3 e5 40. Rc5
Kb6 41. Rxe5 Nc6 42. Re1 a4 43. Rd7 a3 44. Rxf7 a2 45. Rf8 Ne5+ 46. Kf5 Rxh5+
47. Ke6 Nc6 48. Ra8 Ra5 49. Rxa5 Kxa5 50. Kd6 Nd8 51. Ke7 b3 52. Kxd8 b2 1/2-1/2